Detalles MARC
| 000 -LEADER |
| longitud fija campo de control |
02351nam a22004577a 4500 |
| 003 - IDENTIFICADOR DE NUMERO DE CONTROL |
| control del campo |
AR-RoUNA |
| 005 - FECHA DE LA ULTIMA MODIFICACION |
| control del campo |
20260527082847.0 |
| 008 - CAMPO DE CONTROL - LIBROS |
| longitud fija campo de control |
260520b |||||||| |||| 00| 0 spa d |
| 020 ## - INTERNATIONAL STANDARD BOOK NUMBER |
| ISBN |
9781638401810 |
| 040 ## - ORIGEN DE LA CATALOGACION |
| Agencia que cataloga la obra original |
AR-RoUNA |
| Idioma en que se cataloga |
spa |
| Entidad que modifico el registro |
AR-RoUNA |
| 041 ## - CODIGO DE IDIOMA |
| Codigo de idioma de la traduccion original y / o intermedios de texto |
eng |
| 044 ## - CODIGO DE PAIS / ENTIDAD PRODUCTORA |
| Codigo MARC del pais |
ag |
| 245 10 - TITULO PROPIAMENTE DICHO |
| Titulo |
The ReView : |
| Subtitulo |
Common Good / |
| Mencion de responsabilidad, etc |
editora Patricia Fraile Garrido |
| Numero de la parte / seccion de una obra |
3 |
| 260 ## - EDITORIAL - PUBLICACION, DISTRIBUCION, ETC. (Pie de imprenta) |
| Lugar de publicacion, distribucion, etc |
New York : |
| Nombre del editor, distribuidor, etc |
Actar Publishers, |
| Fecha de publicacion |
2024 |
| 300 ## - DESCRIPCION FISICA |
| Extension |
441 p.: |
| Otros detalles fisicos |
fot. col., |
| Dimensiones |
24x18 cm |
| 505 0# - NOTA DE CONTENIDO CON FORMATO |
| Título |
CONTENIDO |
| 505 0# - NOTA DE CONTENIDO CON FORMATO |
| Título |
Dean TuSABE: Iñaki Alday / Prefacio. p. 8 |
| 505 0# - NOTA DE CONTENIDO CON FORMATO |
| Título |
Patricia Fraile Garrido / Introducción. p. 10 |
| 505 0# - NOTA DE CONTENIDO CON FORMATO |
| Título |
1 / La historia y el patrimonio como bien común. p. 18 |
| 505 0# - NOTA DE CONTENIDO CON FORMATO |
| Título |
2 / Desarrollo para el bien común. p. 42 |
| 505 0# - NOTA DE CONTENIDO CON FORMATO |
| Título |
3 / La vida comunitaria como bien común. p. 56 |
| 505 0# - NOTA DE CONTENIDO CON FORMATO |
| Título |
4 / Las redes comunitarias como bien común. p. 104 |
| 505 0# - NOTA DE CONTENIDO CON FORMATO |
| Título |
5 / La creatividad como bien común. p. 126 |
| 505 0# - NOTA DE CONTENIDO CON FORMATO |
| Título |
6 / Adaptación climática para el bien común. p. 168 |
| 505 0# - NOTA DE CONTENIDO CON FORMATO |
| Título |
7 / Tecnología hacerla un bien común. p. 204 |
| 505 0# - NOTA DE CONTENIDO CON FORMATO |
| Título |
8 / El diálogo como bien común. p. 266 |
| 505 0# - NOTA DE CONTENIDO CON FORMATO |
| Título |
9 / Mississippi como bien común. p. 294 |
| 505 0# - NOTA DE CONTENIDO CON FORMATO |
| Título |
10 / El agua como bien común. p. 306 |
| 505 0# - NOTA DE CONTENIDO CON FORMATO |
| Título |
11 / El paisaje y el territorio como bien común. p. 320 |
| 505 0# - NOTA DE CONTENIDO CON FORMATO |
| Título |
12 / El contexto y el lugar como bien común. p. 352 |
| 505 0# - NOTA DE CONTENIDO CON FORMATO |
| Título |
13 / Las infraestructuras como bien común. p. 380 |
| 505 0# - NOTA DE CONTENIDO CON FORMATO |
| Título |
14 / La representación y las narrativas como bien común. p..394 |
| 520 3# - NOTA DE RESUMEN |
| Nota de resumen, etc. |
«ReView: Common Good» es una invitación a repensar cómo diseñamos, construimos y enseñamos al servicio de algo superior a nosotros mismos. En la Escuela de Arquitectura y Entorno Construido de Tulane, creemos que el entorno construido es más que estructuras y espacios; es la expresión física de nuestros valores compartidos, nuestras aspiraciones y nuestras responsabilidades mutuas. Este libro entrelaza voces de diversas disciplinas —arquitectura, diseño, conservación, paisajismo, bienes raíces e innovación social— para explorar las múltiples dimensiones del bien común. |
| 650 #4 - MATERIA - TERMINO TEMATICO |
| Término temático general |
Arquitectura |
| 650 #4 - MATERIA - TERMINO TEMATICO |
| Término temático general |
Diseño |
| 650 #4 - MATERIA - TERMINO TEMATICO |
| Término temático general |
Paisajismo |
| 653 ## - MATERIA - PALABRAS CLAVES |
| Palabras claves |
Innovación social |
| 942 ## - FUENTE DE CLASIFICACION |
| Clasificacion |
Universal Decimal Classification |
| 945 ## - INFORMACION DE PROCESAMIENTO |
| Fecha de ingreso o modificacion |
2026-05-20 |
| 980 ## - DECLARACIÓN DE EQUIVALENCIA O SERIE DE REFERENCIA CRUZADA - NOMBRE / TÍTULO PERSONAL [LOCAL, CANADÁ] |
| Código del operador |
1 |
| Nombre del operador |
Maricel Allasia |
| Código del operador que modifico el registro |
5 |
| Nombre del operador que modifico el registro |
María Machado |